| 000 | 00363 a2200109 4500 | ||
|---|---|---|---|
| 001 | ART_30607 | ||
| 005 | 20260410162002.0 | ||
| 008 | 260409a | ||
| 245 | 1 | 0 | _aA propósito del círculo vicioso de la política fiscal de la Argentina |
| 100 | 1 | _aSandler, Guillermo Alberto | |
| 773 | 0 |
_tForo económico _g- Año II, Nº 3 (nov. 1996) _wREV30369 |
|
| 999 |
_c31411 _d31411 |
||